[Event "World Youth Girl U16 2016"]
[Site "Khanty-Mansiysk RUS"]
[Date "2016.10.01"]
[Round "9.26"]
[White "Wijesuriya, G P Y"]
[Black "Kopcova, Ludmila"]
[Result "1-0"]
[WhiteElo "1588"]
[BlackElo "1798"]
[WhiteFideId "9906959"]
[BlackFideId "363774"]
[EventDate "2016.09.22"]

1. e4 c5 2. Nc3 Nc6 3. d3 d6 4. Be3 g6 5. Qd2 Bg7 6. g3 Rb8 7. Bg2 b5 8. Rb1 b4
9. Nce2 Nd4 10. Nf3 Qb6 11. O-O Bg4 12. Bxd4 cxd4 13. Nf4 Bxf3 14. Bxf3 Nf6 15.
Rfe1 O-O 16. Nd5 Nxd5 17. exd5 Rb7 18. Re2 Rc8 19. Rbe1 Rcc7 20. Bg2 Bf6 21. g4
Qa6 22. g5 Bg7 23. Ra1 Rb5 24. f4 Qc8 25. Qe1 Bf8 26. Qf2 Rbc5 27. Rc1 a5 28. b3
Bg7 29. Be4 a4 30. f5 axb3 31. axb3 Rc3 32. fxg6 fxg6 33. Kh1 Qf8 34. Qg2 Be5
35. Rf1 Qg7 36. Rff2 Ra7 37. Qg4 Ra1+ 38. Kg2 Rc7 39. Qe6+ Kh8 40. Rf7 Qg8 41.
Bxg6 Qxg6 42. Rf8+ Kg7 43. Qg8# 1-0

[Event "World Youth Girl U16 2016"]
[Site "Khanty-Mansiysk RUS"]
[Date "2016.10.01"]
[Round "9.27"]
[White "Nazarova, Veronika"]
[Black "Oberholzer, Marni"]
[Result "0-1"]
[WhiteElo "1303"]
[BlackElo "1683"]
[WhiteFideId "4506944"]
[BlackFideId "14310414"]
[EventDate "2016.09.22"]

1. e4 d5 2. exd5 Qxd5 3. Nc3 Qd6 4. d4 c6 5. g3 Nf6 6. Bg2 Bf5 7. Nf3 e6 8. Bf4
Qd8 9. O-O Nbd7 10. Nh4 Bg4 11. Qd3 Be7 12. Rfe1 Nh5 13. Nf3 Nxf4 14. gxf4 Nf6
15. Ne2 Bf5 16. Qb3 Qc7 17. c4 Rd8 18. Rad1 h6 19. a3 O-O 20. Ne5 Nd7 21. Ng3
Bh7 22. Qf3 Nf6 23. Qe3 Qb6 24. b4 a5 25. bxa5 Qxa5 26. Ne4 Nxe4 27. Bxe4 Bxe4
28. Qxe4 Bf6 29. Ra1 Qc7 30. Rad1 Qa5 31. Qe3 Rd6 32. Kh1 Rfd8 33. Rg1 Kf8 34.
Nf3 Qa7 35. c5 Rd5 36. Rd2 Qa4 37. Rgd1 Qb5 38. Ne5 Qa4 39. Nf3 Qc4 40. Ne5 Qa6
41. Nf3 b6 42. cxb6 Qxb6 43. Ne5 Qb5 44. Qc3 Bxe5 45. fxe5 c5 46. dxc5 Rxd2 47.
Rxd2 Qf1# 0-1

[Event "World Youth Girl U16 2016"]
[Site "Khanty-Mansiysk RUS"]
[Date "2016.10.01"]
[Round "9.28"]
[White "Griciute, Rosita"]
[Black "Horn, Caro"]
[Result "1-0"]
[WhiteElo "1641"]
[BlackElo "1229"]
[WhiteFideId "12811238"]
[BlackFideId "15200884"]
[EventDate "2016.09.22"]

1. e4 e6 2. d4 d5 3. exd5 exd5 4. Nf3 c5 5. Bb5+ Bd7 6. Bxd7+ Qxd7 7. O-O Bd6 8.
Re1+ Ne7 9. dxc5 Bxc5 10. Nbd2 O-O 11. Nb3 Bd6 12. Ne5 Bxe5 13. Rxe5 Qd6 14. Rg5
Nbc6 15. c3 Rad8 16. Nd4 Rfe8 17. Be3 Qf6 18. Rg3 h6 19. h3 Ng6 20. a3 Nxd4 21.
Bxd4 Qe6 22. b4 a6 23. a4 Rf8 24. Qd2 Rc8 25. a5 Rfe8 26. Qd3 Qe2 27. Rd1 1-0

[Event "World Youth Girl U16 2016"]
[Site "Khanty-Mansiysk RUS"]
[Date "2016.10.01"]
[Round "9.29"]
[White "Tomcikova, Zuzana"]
[Black "Gardiner, Nina"]
[Result "1-0"]
[WhiteElo "1621"]
[BlackElo "1530"]
[WhiteFideId "14939126"]
[BlackFideId "14306867"]
[EventDate "2016.09.22"]

1. e4 e5 2. Nf3 Nc6 3. Bc4 Bc5 4. c3 Nf6 5. d3 h6 6. O-O d6 7. b4 Bb6 8. a4 a6
9. Nbd2 Be6 10. Bb2 O-O 11. h3 Re8 12. Re1 Qd7 13. Bxe6 Qxe6 14. Nc4 Ba7 15. Ne3
Ne7 16. Nh2 Ng6 17. Nhg4 Nf4 18. Nxf6+ Qxf6 19. Ng4 Qg6 20. Qf3 h5 21. Nh2 Re6
22. d4 Rf6 23. Nf1 Qg5 24. Nh2 h4 25. Rad1 Nh5 26. Qe2 Rg6 27. Qg4 Qh6 28. Qf3
Rf6 29. Qe2 Qf4 30. Nf1 Re8 31. Bc1 Qxf2+ 32. Qxf2 Rxf2 33. Kxf2 exd4 34. cxd4
c5 35. bxc5 dxc5 36. dxc5 Bxc5+ 37. Be3 Bb4 38. Re2 Nf6 39. Bd4 Nxe4+ 40. Kg1 1-0

[Event "World Youth Girl U16 2016"]
[Site "Khanty-Mansiysk RUS"]
[Date "2016.10.02"]
[Round "10.1"]
[White "Alinasab, Mobina"]
[Black "Shuvalova, Polina"]
[Result "1-0"]
[WhiteTitle "WFM"]
[BlackTitle "WFM"]
[WhiteElo "2230"]
[BlackElo "2393"]
[WhiteFideId "12528897"]
[BlackFideId "24171760"]
[EventDate "2016.09.22"]

1. e4 e5 2. Nf3 Nc6 3. Bc4 Nf6 4. d3 Bc5 5. c3 a6 6. Bb3 O-O 7. Nbd2 d5 8. Qe2
dxe4 9. dxe4 Nh5 10. g3 Qf6 11. h3 Qe7 12. Nc4 Kh8 13. Ne3 Nf6 14. Bc2 Be6 15.
Nh4 g6 16. Nhg2 Rad8 17. g4 Qd7 18. Nf1 Ng8 19. Ng3 f6 20. O-O Qf7 21. b3 Nge7
22. Kh2 g5 23. Be3 Bb6 24. Bxb6 cxb6 25. Rad1 b5 26. Rxd8 Rxd8 27. Rd1 Qf8 28.
Ne3 b4 29. Rxd8 Qxd8 30. cxb4 Nxb4 31. Ngf5 Bxf5 32. exf5 Qd4 33. a3 Nbd5 34.
Qd3 h5 35. Qxd4 exd4 36. Nc4 Nf4 37. Be4 b5 38. Nd2 Ned5 39. gxh5 Kg7 40. Kg3
Nxh5+ 41. Kf3 Nhf4 42. Bxd5 Nxd5 43. Ke4 Nf4 44. Kxd4 Nxh3 45. Ne4 g4 46. Ke3
Kf7 47. b4 Ke7 48. Nc5 Kd6 49. Nxa6 Ng5 50. Kf4 Nf3 51. Nc5 Nd4 52. Ne4+ Kc6 53.
Nxf6 Nc2 54. Nxg4 Nxa3 55. Ne3 Kd6 56. Ke4 1-0

[Event "World Youth Girl U16 2016"]
[Site "Khanty-Mansiysk RUS"]
[Date "2016.10.02"]
[Round "10.2"]
[White "Priyanka, K"]
[Black "Kazarian, Anna-Maja"]
[Result "0-1"]
[BlackTitle "FM"]
[WhiteElo "2205"]
[BlackElo "2231"]
[WhiteFideId "5082986"]
[BlackFideId "1033689"]
[EventDate "2016.09.22"]

1. e4 e6 2. d4 d5 3. Nc3 Nf6 4. Bg5 Bb4 5. e5 h6 6. Bd2 Bxc3 7. Bxc3 Ne4 8. Bd3
Nxc3 9. bxc3 c5 10. Bb5+ Bd7 11. Bxd7+ Nxd7 12. Ne2 cxd4 13. cxd4 Qa5+ 14. c3
Rc8 15. O-O O-O 16. f4 f5 17. exf6 Nxf6 18. f5 exf5 19. Rxf5 Ne4 20. Rxf8+ Rxf8
21. Qc2 Qd8 22. Ng3 Nxg3 23. hxg3 Qg5 24. Kh2 Qe3 25. Qc1 Qe2 26. Qd1 Qxd1 27.
Rxd1 Kf7 28. Re1 Re8 29. Rf1+ Ke6 30. Kg1 Kd6 31. Rb1 b6 32. Kf2 Rc8 33. Rc1 b5
34. Ke3 Rc6 35. Kd3 Ra6 36. Rc2 Ra3 37. Kd2 b4 38. cxb4 Rxg3 39. Ke1 Rg4 40. Rd2
Kc6 41. a4 Re4+ 42. Kf2 g5 43. Kf3 h5 44. Rc2+ Kd6 45. Rd2 h4 46. Kf2 g4 47. Rd1
h3 48. gxh3 gxh3 49. b5 h2 50. Kg2 Re2+ 51. Kh1 Ra2 52. Rd3 Rxa4 53. Kxh2 Ra5
54. Rb3 Kc7 55. Kg3 Ra4 56. Kf4 Rxd4+ 57. Ke5 Rd1 58. Ra3 Kb6 59. Ra6+ Kc5 60.
Rxa7 Re1+ 61. Kf4 Kxb5 62. Rc7 d4 63. Kf3 d3 64. Rd7 Kc4 65. Kf2 Re2+ 66. Kf1
Re5 67. Rc7+ Kd4 68. Rd7+ Kc3 69. Rc7+ Kd2 70. Ra7 Rf5+ 71. Kg2 Kd1 72. Ra1+ Ke2
73. Ra6 d2 74. Re6+ Kd3 75. Rd6+ Ke3 76. Re6+ Kd4 0-1

[Event "World Youth Girl U16 2016"]
[Site "Khanty-Mansiysk RUS"]
[Date "2016.10.02"]
[Round "10.3"]
[White "Vazquez Maccarini, Danitza"]
[Black "Aakanksha, Hagawane"]
[Result "0-1"]
[WhiteTitle "WIM"]
[WhiteElo "2142"]
[BlackElo "2183"]
[WhiteFideId "3101193"]
[BlackFideId "25014510"]
[EventDate "2016.09.22"]

1. e4 e5 2. Nf3 Nc6 3. Bc4 Nf6 4. Ng5 d5 5. exd5 Na5 6. Bb5+ c6 7. dxc6 bxc6 8.
Bd3 h6 9. Ne4 Nd5 10. O-O Nf4 11. Be2 Be7 12. d3 Nxe2+ 13. Qxe2 O-O 14. Ng3 Bd6
15. Nc3 f5 16. Qh5 Qf6 17. Bd2 Nb7 18. Nge2 f4 19. Ne4 Qe6 20. d4 exd4 21. Nxd6
Qxd6 22. Bxf4 Rxf4 23. Nxf4 Qxf4 24. Qe8+ Kh7 25. Qxc6 Rb8 26. g3 Qf7 27. Qe4+
Bf5 28. Qxd4 Bxc2 29. Rac1 Bg6 30. Qxa7 Re8 31. f3 Re7 32. Qa6 Rd7 33. Qc6 Nd8
34. Qa8 Qf6 35. Rf2 Nf7 36. Qc6 Qd4 37. Qc4 Qa7 38. Kg2 Ne5 39. Qc8 Nd3 40. Rd2
Ne1+ 41. Kh3 Rxd2 42. Rc7 Rxh2+ 43. Kxh2 Qf2+ 44. Kh3 Qg2+ 45. Kh4 Qh2+ 46. Kg4
Qh5+ 0-1

[Event "World Youth Girl U16 2016"]
[Site "Khanty-Mansiysk RUS"]
[Date "2016.10.02"]
[Round "10.4"]
[White "Yao, Lan"]
[Black "Kochukova, Anna"]
[Result "1-0"]
[BlackTitle "WFM"]
[WhiteElo "2235"]
[BlackElo "2073"]
[WhiteFideId "8610835"]
[BlackFideId "24173932"]
[EventDate "2016.09.22"]

1. e4 e5 2. Nf3 Nf6 3. Nxe5 d6 4. Nf3 Nxe4 5. Nc3 Nxc3 6. dxc3 Be7 7. Be3 Nc6 8.
Qd2 Be6 9. O-O-O Qd7 10. Kb1 Bf6 11. h4 h6 12. Nd4 Nxd4 13. Bxd4 Bxd4 14. Qxd4
O-O 15. Rg1 f5 16. f3 Qf7 17. a3 Qf6 18. Qf2 a6 19. Bd3 Rae8 20. Rge1 Kh8 21.
Qg3 Bd7 22. Qf4 Re7 23. Qb4 Bc6 24. Rxe7 Qxe7 25. Qa5 Rf7 26. Bc4 Rf8 27. Bd3
Rf7 28. Qb4 Qe5 29. Qd4 Rf8 30. Qf2 Re8 31. Rf1 Bb5 32. c4 Bc6 33. g4 f4 34. g5
Bd7 35. gxh6 gxh6 36. Bg6 Rg8 37. h5 Bf5 38. Re1 Qf6 39. Bxf5 Qxf5 40. Qd4+ Rg7
41. Re7 Qf8 42. Rxc7 Kg8 43. Rxg7+ Qxg7 44. Qxf4 Qg1+ 45. Ka2 Qc5 46. Qg4+ Kf8
47. Kb1 b5 48. cxb5 axb5 49. Qg6 Qe3 50. Qxd6+ Kf7 51. Qd5+ Kf8 52. Qf5+ Kg7 53.
f4 Qf3 54. Qg6+ Kf8 55. Qxh6+ Kf7 56. Qg6+ Kf8 57. h6 b4 58. h7 Qf1+ 59. Ka2
Qc4+ 60. b3 Qc3 61. Qf5+ Ke8 62. Qe5+ 1-0

[Event "World Youth Girl U16 2016"]
[Site "Khanty-Mansiysk RUS"]
[Date "2016.10.02"]
[Round "10.5"]
[White "Sliwicka, Alicja"]
[Black "Nguyen, Hong Ngoc"]
[Result "1/2-1/2"]
[WhiteTitle "WFM"]
[WhiteElo "2092"]
[BlackElo "1807"]
[WhiteFideId "1150677"]
[BlackFideId "12403083"]
[EventDate "2016.09.22"]

1. e4 e6 2. d4 d5 3. Nc3 dxe4 4. Nxe4 Nd7 5. Bd3 Ngf6 6. Ne2 Be7 7. O-O O-O 8.
c3 b6 9. Qc2 Bb7 10. Nxf6+ Nxf6 11. Rd1 h6 12. Ng3 Bd6 13. c4 Qe7 14. b3 c5 15.
Bb2 Rfd8 16. dxc5 Bxc5 17. Qe2 Rd7 18. a3 a5 19. b4 Bd6 20. Rac1 Rc8 21. c5 bxc5
22. bxa5 Bd5 23. Bb5 Ra7 24. a6 Ne8 25. a4 Nc7 26. Be5 f5 27. Qb2 Rb8 28. Nh5
Nxb5 29. axb5 Bxe5 30. Qxe5 Rxb5 31. Nf4 c4 32. Ra1 Qf7 33. Qe3 Qd7 34. Ne2 Rb3
35. Qe5 Rb6 36. Ra3 Rbxa6 37. Rg3 Ra3 38. f3 Qc7 39. Rxd5 Ra1+ 40. Kf2 exd5 41.
Qe8+ 1/2-1/2

[Event "World Youth Girl U16 2016"]
[Site "Khanty-Mansiysk RUS"]
[Date "2016.10.02"]
[Round "10.6"]
[White "Amina, Battsooj"]
[Black "Yakubbaeva, Nilufar"]
[Result "1-0"]
[WhiteTitle "FM"]
[WhiteElo "2302"]
[BlackElo "1896"]
[WhiteFideId "4902661"]
[BlackFideId "14204487"]
[EventDate "2016.09.22"]

1. e4 c6 2. d4 d5 3. Nd2 dxe4 4. Nxe4 Bf5 5. Ng3 Bg6 6. h4 h6 7. h5 Bh7 8. Nf3
Nd7 9. Bd3 Bxd3 10. Qxd3 Ngf6 11. Bd2 e6 12. Qe2 Be7 13. O-O-O O-O 14. Rhe1 Qb6
15. Ne5 c5 16. Nxd7 Nxd7 17. Bc3 cxd4 18. Bxd4 Qc7 19. Ne4 Rac8 20. Bc3 a6 21.
Kb1 e5 22. Ng3 b5 23. Nf5 Bg5 24. f4 Bf6 25. fxe5 Rce8 26. Nxh6+ Kh8 27. Ng4 Bg5
28. h6 Re6 29. hxg7+ Kxg7 30. Rh1 Rd8 31. Qf3 Nf8 32. Rxd8 Qxd8 33. Qh3 Ng6 34.
Qh7+ Kf8 35. Bb4+ Be7 36. Nh6 1-0

[Event "World Youth Girl U16 2016"]
[Site "Khanty-Mansiysk RUS"]
[Date "2016.10.02"]
[Round "10.7"]
[White "Kiolbasa, Oliwia"]
[Black "Martynkova, Olena"]
[Result "0-1"]
[WhiteTitle "WIM"]
[BlackTitle "WFM"]
[WhiteElo "2196"]
[BlackElo "2287"]
[WhiteFideId "1154613"]
[BlackFideId "14134039"]
[EventDate "2016.09.22"]

1. e4 c5 2. Nf3 e6 3. d4 cxd4 4. Nxd4 Nc6 5. Nc3 Qc7 6. Be2 a6 7. O-O Nf6 8. Be3
b5 9. Nxc6 dxc6 10. f4 Bb7 11. e5 Rd8 12. Qe1 Nd7 13. a4 b4 14. Ne4 c5 15. Bf3
Be7 16. Nd6+ Bxd6 17. exd6 Qb8 18. f5 O-O 19. Bxb7 Qxb7 20. f6 Qe4 21. fxg7 Rfe8
22. Qf2 Qg6 23. Rad1 Rc8 24. Rd3 f5 25. Bc1 c4 26. Rg3 Qf7 27. Qf4 Qf6 28. Qf3
Qf7 29. a5 Ne5 30. Qe3 Ng6 31. Qb6 Rb8 32. Qxa6 e5 33. Qc6 f4 34. Rh3 Red8 35.
a6 Qe6 36. Rd1 e4 37. a7 Ra8 38. Qc5 Rd7 39. Qxb4 e3 40. Qb8+ Rd8 41. Qc7 Qe4
42. b3 cxb3 43. Bb2 Qxc2 44. Qxc2 bxc2 45. Rc1 Rxd6 46. Rf3 Rd2 47. Rff1 Rxa7
48. Bc3 Rc7 49. Bb2 Ra7 50. Bc3 Ra2 51. g3 Rd3 52. Bf6 Ra6 53. Bb2 e2 54. Rfe1
f3 55. Rxc2 Ra8 56. Kf2 Rb8 57. Ba1 Ne7 58. Be5 Rbd8 59. Rc3 Rxc3 60. Bxc3 Rd3
61. Be5 Nc6 62. Bb2 Rd1 63. Bc3 Rd3 64. Bb2 Nd8 65. Ra1 Rd1 66. Bc3 e1=Q+ 0-1

[Event "World Youth Girl U16 2016"]
[Site "Khanty-Mansiysk RUS"]
[Date "2016.10.02"]
[Round "10.8"]
[White "Sieber, Fiona"]
[Black "Radeva, Viktoria"]
[Result "1/2-1/2"]
[WhiteTitle "WFM"]
[BlackTitle "WFM"]
[WhiteElo "2268"]
[BlackElo "2143"]
[WhiteFideId "12902373"]
[BlackFideId "2915405"]
[EventDate "2016.09.22"]

1. e4 c5 2. Nf3 d6 3. d4 Nf6 4. Nc3 cxd4 5. Nxd4 a6 6. Be3 e5 7. Nb3 Be6 8. Qd2
Nbd7 9. O-O-O b5 10. f3 h5 11. Nd5 Bxd5 12. exd5 Qc7 13. Kb1 Rc8 14. c4 bxc4 15.
Rc1 Nb6 16. Bxb6 Qxb6 17. Bxc4 Rb8 18. Be2 Be7 19. Rc6 Qd8 20. Rhc1 O-O 21. Bxa6
Nd7 22. g3 Nc5 23. Nxc5 dxc5 24. d6 Bg5 25. f4 exf4 26. gxf4 Bf6 27. Rc2 Bd4 28.
d7 Qxd7 29. R6xc5 Rfd8 30. Rc8 Rbxc8 31. Rxc8 Rxc8 32. Bxc8 Qd5 33. a3 Qe4+ 34.
Ka1 Be3 35. Qd8+ Kh7 36. f5 Qh1+ 37. Ka2 Qxh2 38. f6 Qe5 39. Qd7 Kg8 40. Qd8+
Kh7 41. Qe7 Qd5+ 42. Ka1 Qd1+ 43. Ka2 Qd5+ 44. Ka1 Bg5 45. Bb7 Bxf6 46. Bxd5
Bxe7 47. Bxf7 Kh6 48. Kb1 g5 49. Kc2 g4 50. Kd3 Kg5 51. Ke2 h4 52. Kf1 h3 53.
Kg1 g3 54. Bd5 Bc5+ 55. Kf1 Kf4 56. b4 Bd6 57. Bc6 Ke3 58. Ba8 Kd2 59. Bc6 Kc3
60. Bd5 Kb2 61. Kg1 Kxa3 62. Be6 h2+ 63. Kg2 Kxb4 64. Bd5 1/2-1/2

[Event "World Youth Girl U16 2016"]
[Site "Khanty-Mansiysk RUS"]
[Date "2016.10.02"]
[Round "10.9"]
[White "Di Benedetto, Desiree"]
[Black "Sakorenko, Adriana"]
[Result "1/2-1/2"]
[WhiteTitle "WFM"]
[WhiteElo "2183"]
[BlackElo "2007"]
[WhiteFideId "875813"]
[BlackFideId "34130249"]
[EventDate "2016.09.22"]

1. Nf3 Nf6 2. c4 e6 3. g3 b6 4. Bg2 Bb7 5. O-O Be7 6. d4 O-O 7. d5 exd5 8. Nh4
c6 9. cxd5 Nxd5 10. Nf5 Bf6 11. e4 Ne7 12. Nd6 Ba6 13. Re1 Be5 14. f4 Bxd6 15.
Qxd6 c5 16. Be3 Nbc6 17. Rd1 Nb4 18. Na3 Nec6 19. e5 Rc8 20. b3 Nb8 21. Qd2 f6
22. Nc4 Bxc4 23. bxc4 N4c6 24. Bd5+ Kh8 25. exf6 Qxf6 26. a4 Rfe8 27. Qf2 Nb4
28. Rac1 Nxd5 29. Rxd5 Re4 30. Bd2 Qe7 31. Bc3 Nc6 32. Rcd1 Rc7 33. f5 Nd4 34.
Bxd4 cxd4 35. R5xd4 Rxd4 36. Qxd4 h5 37. Rf1 Qc5 38. Rf4 Qxd4+ 39. Rxd4 Kg8 40.
Kg2 Rc5 41. Rxd7 Rxf5 42. Rxa7 Rc5 43. Ra6 Rxc4 44. Rxb6 Rxa4 1/2-1/2

[Event "World Youth Girl U16 2016"]
[Site "Khanty-Mansiysk RUS"]
[Date "2016.10.02"]
[Round "10.11"]
[White "Monroy G., Nataly A."]
[Black "Hrescak, Ivana"]
[Result "0-1"]
[WhiteTitle "WIM"]
[BlackTitle "WFM"]
[WhiteElo "2105"]
[BlackElo "1957"]
[WhiteFideId "3304019"]
[BlackFideId "14613441"]
[EventDate "2016.09.22"]

1. d4 g6 2. c4 Bg7 3. Nc3 c5 4. d5 Bxc3+ 5. bxc3 Qa5 6. Qc2 f5 7. e3 Nf6 8. Bd3
e6 9. dxe6 dxe6 10. Nf3 Nc6 11. O-O e5 12. e4 f4 13. g3 Bg4 14. Nd2 Qc7 15. Re1
g5 16. f3 Be6 17. Nb3 b6 18. a4 a5 19. Nd2 h5 20. Nf1 Rg8 21. Be2 g4 22. Kh1
fxg3 23. Nxg3 h4 24. Nf5 g3 25. Rg1 Bxf5 26. exf5 O-O-O 27. Be3 Nh5 28. Bf1 gxh2
29. Rg4 e4 30. Qa2 Ng3+ 31. Kg2 Ne5 32. Kf2 Rxg4 33. Bh3 Rgg8 34. f6+ Kb7 35.
Be6 Nd3+ 36. Kg2 Nf1+ 0-1

[Event "World Youth Girl U16 2016"]
[Site "Khanty-Mansiysk RUS"]
[Date "2016.10.02"]
[Round "10.13"]
[White "Dong, Khanh Linh"]
[Black "Broly, Mathilde"]
[Result "1/2-1/2"]
[WhiteTitle "WCM"]
[WhiteElo "1671"]
[BlackElo "2046"]
[WhiteFideId "12403040"]
[BlackFideId "20682794"]
[EventDate "2016.09.22"]

1. d4 Nf6 2. c4 e6 3. Nf3 b6 4. g3 Bb7 5. Bg2 Be7 6. O-O O-O 7. Nc3 Na6 8. Re1
d5 9. Ne5 c5 10. cxd5 exd5 11. dxc5 bxc5 12. Qb3 Rb8 13. Rd1 Nc7 14. Bg5 Nd7 15.
Bxe7 Qxe7 16. Nxd7 Qxd7 17. Qa3 Qe7 18. e3 Rfd8 19. Qxa7 Bc6 20. Qa3 Rb4 21. b3
Qf6 22. Qc1 d4 23. Ne4 Bxe4 24. Bxe4 Ne6 25. Qc2 g6 26. a3 Rb6 27. Ra2 Rbd6 28.
exd4 Nxd4 29. Qxc5 Qe6 30. Re1 Nf3+ 31. Bxf3 Qxe1+ 32. Kg2 Qb1 33. Qc2 Qxc2 34.
Rxc2 Rd3 35. Rb2 Rb8 36. b4 Rxa3 37. b5 Rb6 38. Bc6 Rc3 39. Re2 Kg7 40. Kh3 h5
41. Kh4 Rc4+ 42. f4 Kf6 43. h3 Rb8 44. Rd2 Rb4 45. Rd6+ Ke7 46. Rd7+ Ke6 47. Rd3
Kf6 48. Rd6+ Kg7 49. Kg5 1/2-1/2

[Event "World Youth Girl U16 2016"]
[Site "Khanty-Mansiysk RUS"]
[Date "2016.10.02"]
[Round "10.14"]
[White "Jakab, Kincso"]
[Black "Gundogan, Sinem Cagla"]
[Result "1/2-1/2"]
[BlackTitle "WCM"]
[WhiteElo "1893"]
[BlackElo "1933"]
[WhiteFideId "1232002"]
[BlackFideId "6325378"]
[EventDate "2016.09.22"]

1. d4 d5 2. Bf4 Nf6 3. Nf3 c6 4. e3 e6 5. c3 Bd6 6. Bg3 Qc7 7. Bxd6 Qxd6 8. Ne5
Nbd7 9. f4 Ne4 10. Bd3 O-O 11. g4 Qe7 12. h4 f6 13. Nxd7 Bxd7 14. Bxe4 dxe4 15.
Nd2 c5 16. Rh2 cxd4 17. cxd4 Bc6 18. Rc1 Rad8 19. Rc5 Bd5 20. Qc2 b6 21. Rc7 Qb4
22. a3 Qd6 23. Rc3 f5 24. g5 b5 25. Rc5 Qa6 26. h5 Rc8 27. h6 g6 28. Qc3 Rc6 29.
b4 Rfc8 30. Kf2 Qb7 31. Rh1 Qe7 32. Kg3 e5 33. Re1 exf4+ 34. exf4 Rxc5 35. dxc5
Rd8 36. Nf3 Qb7 37. Ne5 Be6 38. Rc1 Bc4 39. Re1 Qd5 40. Re3 Qd4 41. Qxd4 Rxd4
42. Rc3 Kf8 43. c6 Rd8 44. Nxc4 bxc4 45. Rxc4 Ke7 46. Kf2 Kd6 47. Ke3 Kc7 48. a4
a6 49. Rc5 Rc8 50. Re5 Kxc6 51. Re6+ Kc7 52. Re7+ Kc6 53. Re6+ Kc7 54. Re7+ 1/2-1/2

[Event "World Youth Girl U16 2016"]
[Site "Khanty-Mansiysk RUS"]
[Date "2016.10.02"]
[Round "10.15"]
[White "Blazeka, Mihaela"]
[Black "Jie, Tianhui"]
[Result "1/2-1/2"]
[WhiteElo "1868"]
[BlackElo "1914"]
[WhiteFideId "14528576"]
[BlackFideId "30908566"]
[EventDate "2016.09.22"]

1. d4 Nf6 2. Nf3 e6 3. Bf4 c5 4. c3 d5 5. e3 Nc6 6. Nbd2 Bd6 7. Bg3 O-O 8. Bd3
b6 9. Ne5 Qc7 10. f4 Bb7 11. Bh4 Be7 12. Qf3 Ne8 13. Bg3 f5 14. h4 Nf6 15. h5
Nxe5 16. fxe5 Ne4 17. Bh4 Bxh4+ 18. Rxh4 Qe7 19. Rh2 Qg5 20. Qf4 Qg3+ 21. Qxg3
Nxg3 22. Rh3 Ne4 23. Nxe4 fxe4 24. Be2 Rf7 25. Bg4 Bc8 26. Rh1 Bd7 27. Rf1 Raf8
28. Rxf7 Rxf7 29. a4 a5 30. b3 Kf8 31. Be2 Ke7 32. g4 Rf8 33. Rc1 Rc8 34. Kd2
cxd4 35. cxd4 Rxc1 36. Kxc1 Kd8 37. Kc2 Kc7 38. Kc3 b5 39. Bd1 b4+ 40. Kd2 h6
41. Be2 Kd8 42. Ke1 Ke7 43. Kf2 1/2-1/2

[Event "World Youth Girl U16 2016"]
[Site "Khanty-Mansiysk RUS"]
[Date "2016.10.02"]
[Round "10.16"]
[White "Bauyrzhan, Arnash"]
[Black "Mammadova, Susan"]
[Result "0-1"]
[WhiteElo "1904"]
[BlackElo "1836"]
[WhiteFideId "13706322"]
[BlackFideId "13413210"]
[EventDate "2016.09.22"]

1. e4 g6 2. h4 Nf6 3. Nc3 d5 4. exd5 Nxd5 5. Qf3 Be6 6. h5 Bg7 7. h6 Be5 8. Qd1
O-O 9. d4 Bh8 10. Nxd5 Qxd5 11. Be3 f5 12. Nh3 Bf7 13. Nf4 Qd6 14. c4 Qb4+ 15.
Qd2 Qxd2+ 16. Kxd2 g5 17. Nh3 f4 18. Nxg5 fxe3+ 19. fxe3 Bf6 20. Nxf7 Rxf7 21.
c5 Kh8 22. Bc4 Rf8 23. Rh5 Nc6 24. g4 Rad8 25. Rf1 e5 26. Rhf5 Be7 27. b4 exd4
28. e4 Rxf5 29. gxf5 Bg5+ 30. Ke2 Ne5 31. Be6 d3+ 32. Kd1 Ng4 33. Rf3 Ne3+ 34.
Kd2 Nc4+ 0-1

[Event "World Youth Girl U16 2016"]
[Site "Khanty-Mansiysk RUS"]
[Date "2016.10.02"]
[Round "10.17"]
[White "Cieslak, Wiktoria"]
[Black "Tishova, Svetlana"]
[Result "0-1"]
[WhiteElo "1869"]
[BlackElo "2317"]
[WhiteFideId "1160036"]
[BlackFideId "24173550"]
[EventDate "2016.09.22"]

1. e4 c5 2. Nf3 d6 3. d4 cxd4 4. Nxd4 Nf6 5. Nc3 a6 6. Bg5 Nbd7 7. f4 Qc7 8. Qf3
h6 9. Bh4 g5 10. fxg5 hxg5 11. Bxg5 Qc5 12. Be3 Ne5 13. Qe2 Neg4 14. Bg1 Bh6 15.
Nb3 Qg5 16. Nd2 Qa5 17. O-O-O Be6 18. Kb1 Rc8 19. Nb3 Qg5 20. Nd4 Bc4 21. Qf3
Ne5 22. Qf5 Qxf5 23. Nxf5 Bxf1 24. Rxf1 Nc4 25. Re1 Bd2 26. Re2 Bxc3 27. bxc3
Nxe4 28. Kc1 d5 29. Bf2 e6 30. Bd4 Rh7 31. Ng7+ Ke7 32. g4 Rg8 33. Rg1 Rgxg7 34.
Bxg7 Rxg7 35. h4 Nxc3 36. Rh2 Nxa2+ 37. Kb1 Nc3+ 38. Ka1 Ne4 39. g5 Ne5 40. Rh3
Kd6 41. Rb3 Kc6 42. Rgb1 b5 43. Ra3 Kb6 44. Rh3 Rh7 45. Rg1 Rh5 46. Rg2 Ng6 47.
Rgh2 Nf4 48. Rf3 e5 49. Re3 Ng6 50. Reh3 d4 51. Kb2 Nf4 52. Rf3 Nxg5 53. Rg3
Nge6 0-1

[Event "World Youth Girl U16 2016"]
[Site "Khanty-Mansiysk RUS"]
[Date "2016.10.02"]
[Round "10.18"]
[White "Simakova, Elena"]
[Black "Khristenko, Anna"]
[Result "1/2-1/2"]
[WhiteElo "1860"]
[BlackElo "1938"]
[WhiteFideId "34142166"]
[BlackFideId "24173886"]
[EventDate "2016.09.22"]

1. e4 c5 2. Nf3 e6 3. d3 a6 4. g3 b5 5. Bg2 Bb7 6. O-O d6 7. Re1 Nf6 8. Nbd2 Be7
9. c3 Qc7 10. h4 Nbd7 11. Qe2 Rc8 12. Nh2 c4 13. d4 e5 14. d5 Nc5 15. Ndf1 a5
16. Ne3 Nd3 17. Rd1 Ba6 18. Nf5 Bf8 19. Ng4 Nxg4 20. Qxg4 g6 21. Ne3 h5 22. Qf3
Be7 23. Nc2 b4 24. Ne1 bxc3 25. bxc3 Bb5 26. Ba3 Ba4 27. Rdb1 Nxe1 28. Rxe1 Rb8
29. Bf1 O-O 30. g4 hxg4 31. Qxg4 Kh7 32. Qg3 Bd7 33. Bc1 f6 34. Bh3 Qc8 35. Bxd7
Qxd7 36. Kh2 f5 37. Rg1 Rg8 38. Qh3 Rbf8 39. Bg5 Bf6 40. h5 Rh8 41. Bxf6 Rxf6
42. Rg5 Qc8 43. Qg3 fxe4 44. Rg1 Qf8 45. Rxg6 Rxf2+ 46. Rg2 Rxg2+ 47. Qxg2 Qf4+
48. Kg1 Qc1+ 49. Kh2 Qf4+ 1/2-1/2

[Event "World Youth Girl U16 2016"]
[Site "Khanty-Mansiysk RUS"]
[Date "2016.10.02"]
[Round "10.19"]
[White "Prakapuk, Vera"]
[Black "Busuioc, Alexandra"]
[Result "0-1"]
[WhiteElo "1908"]
[BlackElo "1876"]
[WhiteFideId "13507052"]
[BlackFideId "1635778"]
[EventDate "2016.09.22"]

1. e4 c5 2. Nf3 Nc6 3. Bb5 e6 4. Bxc6 bxc6 5. d3 Ne7 6. O-O Ng6 7. e5 d6 8. Qe2
Qc7 9. Re1 dxe5 10. Nxe5 Bd6 11. f4 f6 12. Nxg6 hxg6 13. Qf3 Kf7 14. Nc3 f5 15.
Nb5 cxb5 16. Qxa8 Rh4 17. Qf3 g5 18. Bd2 gxf4 19. h3 Bb7 20. Qe2 Rh6 21. Rf1 Rg6
22. Rf2 c4 23. d4 f3 24. Rxf3 Bxf3 25. Qxf3 Qb6 26. Be3 Bc7 27. d5 Qd6 28. dxe6+
Rxe6 29. Rd1 Qh2+ 30. Kf1 Bb6 31. Bxb6 axb6 32. Qh5+ Kf6 33. Qh4+ Kg6 34. Qd4
Qh1+ 35. Kf2 Qh2 36. Qd7 Qf4+ 37. Kg1 Qe3+ 38. Kh1 Qe2 39. c3 Rf6 40. Rb1 Qc2
41. Qe8+ Kh7 42. Re1 Qxb2 43. Qh5+ Rh6 44. Qxf5+ Rg6 45. Qh5+ Rh6 46. Qf3 Qxa2
47. Re4 Qa8 48. Qf5+ Kh8 49. Re7 Qd8 50. Rd7 Qe8 51. Qd5 Qe6 52. Qxb5 Qe4 53.
Rd8+ Kh7 54. Re8 Rxh3+ 55. Kg1 Qg4 56. Qd5 Rh6 57. Qg8+ Kg6 58. Re6+ Kh5 59.
Qe8+ Kg5 60. Qe7+ Kh5 61. Re1 Rg6 62. Qe8 Qxg2# 0-1